Nuit d'errance : (Record no. 13724)
[ view plain ]
| 000 -LEADER | |
|---|---|
| fixed length control field | 00359cam a22001457a 4500 |
| 020 ## - INTERNATIONAL STANDARD BOOK NUMBER | |
| ISBN | 2218067846 |
| 040 ## - CATALOGING SOURCE | |
| Transcribing agency | DLC |
| 082 ## - DEWEY DECIMAL CLASSIFICATION NUMBER | |
| Classification number | 823 HAT 1984 A093 Or. |
| 100 1# - MAIN ENTRY--AUTHOR NAME | |
| Personal name | La Guma, Alex. |
| 245 10 - TITLE STATEMENT | |
| Title | Nuit d'errance : |
| Remainder of title | roman / |
| 260 ## - PUBLICATION, DISTRIBUTION, ETC. (IMPRINT) | |
| Place of publication | Paris : |
| Name of publisher | Hatier, |
| Year of publication | c1984. |
| 300 ## - PHYSICAL DESCRIPTION | |
| Number of Pages | 159 p. ; |
| Dimensions | 18 cm. |
| 500 ## - GENERAL NOTE | |
| General note | Translation of: A walk in the night. |
| 942 ## - ADDED ENTRY ELEMENTS (KOHA) | |
| Koha item type | សៀវភៅភាសាអង់គ្លេស |
| 952 ## - LOCATION AND ITEM INFORMATION (KOHA) | |
| Withdrawn status [LOCAL, KOHA] | 0 |
| Permanent Location | Date acquired | Koha item type | Lost status | Shelving location | Barcode | Current Location | Full call number |
|---|---|---|---|---|---|---|---|
| Library Block A | 2017-08-30 | សៀវភៅភាសាអង់គ្លេស | A095 | A19408 | Library Block A | 823 HAT 1984 A095 Or. |